Normal view
MARC view
- الجمعية العلمية لمكافحة التصحر وتنمية البادية، المركز الجغرافي الملكي؛ تحرير عبد اللطبف عربيات... وآخرون
Entry Personal Name
001 - CONTROL NUMBER
- control field: 56369
003 - CONTROL NUMBER IDENTIFIER
- control field: JO-AjAnu
005 - DATE AND TIME OF LATEST TRANSACTION
- control field: 20230606083234.0
008 - FIXED-LENGTH DATA ELEMENTS
- fixed length control field: 230606|| aca||aabn | a|a d
040 ## - CATALOGING SOURCE
- Original cataloging agency: JO-AjAnu
- Transcribing agency: JO-AjAnu
100 ## - HEADING--PERSONAL NAME
- Personal name: الجمعية العلمية لمكافحة التصحر وتنمية البادية، المركز الجغرافي الملكي؛ تحرير عبد اللطبف عربيات... وآخرون
670 ## - SOURCE DATA FOUND
- Source citation: Work cat.: (JO-AjAnu)28765: الجمعية العلمية لمكافحة التصحر وتنمية البادية، المركز الجغرافي الملكي؛ تحرير عبد اللطبف عربيات... وآخرون, author, اليوم العلمي: الأثار الإقتصا،دية والإجتماعية للتصحر 25/6/2002